The Quran (E-BOOK) (Record no. 192744)

000 -LEADER
fixed length control field 00628 a2200217 4500
003 - CONTROL NUMBER IDENTIFIER
control field Nust
005 - DATE AND TIME OF LATEST TRANSACTION
control field 20170207154043.0
020 ## - INTERNATIONAL STANDARD BOOK NUMBER
International Standard Book Number 0-415-32639-7 (inb.)
020 ## - INTERNATIONAL STANDARD BOOK NUMBER
International Standard Book Number 0-415-77529-9 (hft.)
020 ## - INTERNATIONAL STANDARD BOOK NUMBER
International Standard Book Number 978-0-415-32639-1 (inb.)
020 ## - INTERNATIONAL STANDARD BOOK NUMBER
International Standard Book Number 978-0-415-77529-8
020 ## - INTERNATIONAL STANDARD BOOK NUMBER
International Standard Book Number 978-0-415-77529-8 (hft.)
040 ## - CATALOGING SOURCE
Transcribing agency Nust
082 04 - DEWEY DECIMAL CLASSIFICATION NUMBER
Classification number 297.5
245 14 - TITLE STATEMENT
Title The Quran (E-BOOK)
Remainder of title an encyclopedia /
Statement of responsibility, etc. edited by Oliver Leaman
250 ## - EDITION STATEMENT
Edition statement First published in paperback 2008
260 ## - PUBLICATION, DISTRIBUTION, ETC.
Place of publication, distribution, etc. Abingdon, Oxon :
Name of publisher, distributor, etc. Routledge,
Date of publication, distribution, etc. 2008
300 ## - PHYSICAL DESCRIPTION
Extent xxvii, 771 s. ;
Dimensions 25 cm
651 ## - SUBJECT ADDED ENTRY--GEOGRAPHIC NAME
Geographic name The Quran (E-BOOK)
700 1# - ADDED ENTRY--PERSONAL NAME
Personal name Leaman, Oliver,
Dates associated with a name 1950-
Relator code edt
942 ## - ADDED ENTRY ELEMENTS (KOHA)
Source of classification or shelving scheme
Koha item type Book
Holdings
Withdrawn status Lost status Source of classification or shelving scheme Damaged status Not for loan Collection code Permanent Location Current Location Date acquired Total Checkouts Full call number Barcode Date last seen Price effective from Koha item type
            Military College of Signals (MCS) Military College of Signals (MCS) 12/12/2016   297.5 LEA MCSEB-2375 12/08/2016 12/12/2016 Book
© 2023 Central Library, National University of Sciences and Technology. All Rights Reserved.